000 00972nam0a22002531 4500
001 rc\2772229
005 20250806210719.0
035 _a(NLR Aleph) 006898586
090 _a12712
_c12712
100 _a20110915d1941 u y0rusy50 ca
101 0 _arus
102 _aRU
105 _aa z |||||
200 1 _aКостромской техникум водного транспорта леса
_fНаркомлес СССР. Глав. упр. учеб. заведениями
210 _aКострома
_cКостр. техникум водного транспорта леса
_d1941
215 _a47 с.
_cил.
_d20 см.
710 0 2 _aКостромской техникум водного транспорта леса
_3RU\NLR\AUTH\889924701
801 0 _aRU
_bNLR
_gpsbo
801 1 _aRU
_bELAR
_2rusmarc
852 _aNLR
_jПр40 Г-4/65
942 _cBOOK
945 _aРоссийская национальная библиотека
980 _aNB
980 _aBV